|
|
|
|
| LEADER |
00000nam0a2200000 4500 |
| 001 |
364306 |
| 005 |
20231102011657.0 |
| 035 |
|
|
|a (RuTPU)RU\TPU\retro\21664
|
| 090 |
|
|
|a 364306
|
| 100 |
|
|
|a 20211112d1981 m y0rusy50 ca
|
| 101 |
0 |
|
|a rus
|
| 102 |
|
|
|a RU
|
| 105 |
|
|
|a a z 001zy
|
| 200 |
1 |
|
|a Бионасосы - роботы клетки?
|f С. М. Мартиросов
|
| 210 |
|
|
|a Москва
|c Радио и связь
|d 1981
|
| 215 |
|
|
|a 144 с.
|c ил.
|
| 225 |
1 |
|
|a Кибернетика
|
| 320 |
|
|
|a Библиогр.: с. 138-139
|
| 320 |
|
|
|a Глоссарий: с. 140-142
|
| 606 |
1 |
|
|a Бионика
|x Кибернетика
|2 stltpush
|3 (RuTPU)RU\TPU\subj\28729
|9 52230
|
| 610 |
1 |
|
|a насосы-двигатели
|
| 610 |
1 |
|
|a насосы-генераторы
|
| 610 |
1 |
|
|a псевдонасосы
|
| 610 |
1 |
|
|a питание
|
| 610 |
1 |
|
|a классификация
|
| 610 |
1 |
|
|a энергия
|
| 610 |
1 |
|
|a молекулярная биология
|
| 610 |
1 |
|
|a кибернетический подход
|
| 610 |
1 |
|
|a бионические проблемы
|
| 675 |
|
|
|a 681.5:57
|v 4
|
| 700 |
|
1 |
|a Мартиросов
|b С. М.
|g Сергей Мушегович
|
| 801 |
|
1 |
|a RU
|b 63413507
|c 20211112
|
| 942 |
|
|
|c BK
|